01287nab a2200217uuc4500001000800000005001700008008004100025035001200066035002100078040001300099041000800112100004400120245010900164520051800273650003800791650003500829700004700864773012900911942001001040999001901050102447920240202081531.0070417e20061001 spa  a1024479 a(OCoLC)820157599 ccomduadb aspa10aCorrea M, Juan Carlos4auteaut932747110aComparacion por intervalos entre diferentes metodos de estimacion de la media de la distribucion Poisson3 aLa construcción de intervalos de confianza para la estimación del parámetro de la distribución Poisson es un problema importante en el trabajo estadístico aplicado. Se revisan diferentes procedimientos para su construcción y se realiza un estudio de simulación para mostrar que para muestras grandes los procedimientos basados en el criterio de la raíz y el de razón de verosimilitudes tienen un comportamiento similar y más eficiente que el de los otros procedimientos usualmente utilizados.  aDistribución de Poisson9105487 aIntervalos de confianza97107210aCastrillon M., Francisco4auteaut94395170 tRevista Universidad Eafit (Medellín)gVolumen 042, Número 144, Octubre-Diciembre 2006, p. 81-98w106802z0120341X092266 cARIMP c411641d411641